Young mind in a growing brain /

Bibliographic Details
Main Author: Kagan, Jerome
Other Authors: Herschkowitz, Elinore Chapman
Format: Book
Language:English
Published: Mahwah, NJ : Lawrence Erlbaum, 2005.
Subjects:

MARC

Tag First Indicator Second Indicator Subfields
LEADER 00000cam a22000004a 4500
001 in00002000727
005 20151031123032.0
008 041013s2005 njua b 001 0 eng
010 |a  2005040052 
020 |a 080585309X (alk. paper) 
020 |a 0805854258 
035 |a (OCoLC)ocm57893468 
040 |a DLC  |c DLC  |d YDX  |d BAKER  |d TXA  |d UtOrBLW 
042 |a pcc 
049 |a TXAM 
050 0 0 |a BF721  |b .K18 2005 
082 0 0 |a 155.4/13  |2 22 
100 1 |a Kagan, Jerome. 
245 1 0 |a Young mind in a growing brain /  |c Jerome Kagan, Norbert Herschkowitz ; with the collaboration of Elinore Herschkowitz. 
264 1 |a Mahwah, NJ :  |b Lawrence Erlbaum,  |c 2005. 
300 |a xii, 323 pages :  |b illustrations ;  |c 24 cm. 
336 |a text  |b txt  |2 rdacontent 
337 |a unmediated  |b n  |2 rdamedia 
338 |a volume  |b nc  |2 rdacarrier 
504 |a Includes bibliographical references (pages 258-294) and index. 
650 0 |a Child psychology. 
650 0 |a Infant psychology. 
650 0 |a Brain  |x Growth. 
650 0 |a Cognitive neuroscience. 
700 1 |a Herschkowitz, Elinore Chapman. 
948 |a cataloged  |b h  |c 2005/8/10  |d c  |e ceaton  |f 11:56:03 am 
994 |a C0  |b TXA 
999 |a MARS 
999 f f |s 056c5044-4c38-30b9-8a55-a7d68b93b685  |i 99b57202-5c60-31ee-bf01-bb5f63e206da  |t 0 
952 f f |p ric  |a Texas A&M University  |b Rellis Campus  |c Joint Library Facility  |d Remote Storage  |t 0  |e BF721 .K18 2005  |h Library of Congress classification  |i unmediated -- volume  |m A14832824071 
998 f f |a BF721 .K18 2005  |t 0  |l Remote Storage